| 000 | 00767nam a2200253 a 4500 | ||
|---|---|---|---|
| 001 | 46675 | ||
| 003 | BD-RjUL | ||
| 005 | 20211209054204.0 | ||
| 008 | 160803s1942 ii 001 0 eng d | ||
| 035 | _a(BD-RjUL)46794 | ||
| 040 |
_aMLL _dEQO _dBD-RjUL _beng _cBD-RjUL |
||
| 041 | _aeng | ||
| 082 |
_223 _a349.54 _bSIL 1942 |
||
| 100 | 1 |
_aSircar, Nripendra Nath. _9142300 |
|
| 245 | 1 | 4 |
_aThe law of arbitration in British India / _cby Nripendra Nath Sircar |
| 260 |
_aCalcutta : _bSubodh Kumar De, _c1942 |
||
| 300 |
_alx, 469 p. ; _c25 cm |
||
| 490 |
_aTagore law lectures _v1942 |
||
| 500 | _aInclude index | ||
| 650 | 0 |
_aArbitration and award _zIndia _9142301 |
|
| 830 | 0 |
_aTagore law lectures ; _v1942. _9130018 |
|
| 942 |
_2ddc _cBK |
||
| 999 |
_c46675 _d46675 |
||